000 00348nam a2200145Ia 4500
008 150201s2003 xx 000 0 und d
082 _a611
_bA2003S
100 _aANUSAVICE
245 _aANATOMY FOR DENTAL STUDENTS
250 _a2ND
260 _bJAYPEE MEDICAL PUBLISHER
_aDELHI
_c2003
300 _a1-542
650 _aANATOMY
942 _2ddc
_cBK
999 _c2520
_d2520